Modern Communication Circuits (Record no. 298872)

000 -LEADER
fixed length control field 00307 a2200133 4500
001 - CONTROL NUMBER
control field 63799
082 ## - DEWEY DECIMAL CLASSIFICATION NUMBER
Classification number 621.38412 SMI
090 ## - LOCALLY ASSIGNED LC-TYPE CALL NUMBER (OCLC); LOCAL CALL NUMBER (RLIN)
-- 37746
-- 37746
100 ## - MAIN ENTRY--PERSONAL NAME
Personal name Smith, Jack R
245 ## - TITLE STATEMENT
Title Modern Communication Circuits
250 ## - EDITION STATEMENT
Edition statement 2
260 ## - PUBLICATION, DISTRIBUTION, ETC.
Place of publication, distribution, etc. International
Name of publisher, distributor, etc. McGraw Hill
Date of publication, distribution, etc. 1998
300 ## - PHYSICAL DESCRIPTION
Extent 577p
942 ## - ADDED ENTRY ELEMENTS (KOHA)
Institution code [OBSOLETE] NUST-CAE
Call number prefix 621.38412 SMI
Holdings
Withdrawn status Lost status Damaged status Not for loan Collection code Permanent Location Current Location Date acquired Total Checkouts Full call number Barcode Date last seen Price effective from Koha item type
          College of Aeronautical Engineering (CAE) College of Aeronautical Engineering (CAE) 04/03/2017   621.38412 SMI CAEN-184 04/05/2017 04/05/2017 Book
          College of Aeronautical Engineering (CAE) College of Aeronautical Engineering (CAE) 04/03/2017   621.38412 SMI CAEN-186 04/05/2017 04/05/2017 Book
          College of Aeronautical Engineering (CAE) College of Aeronautical Engineering (CAE) 04/03/2017   621.38412 SMI CAEN-185 04/05/2017 04/05/2017 Book
© 2023 Central Library, National University of Sciences and Technology. All Rights Reserved.